000 01651cam a22001934a 4500
005 20250605164024.0
008 250528s ||||||||||||||||||||||||d
035 _a16448
020 _a9607344863
040 _aGR-AtMCL
_bgre
_dGR-AtMCL
_eAACR2
245 1 _aΗ Σύγχρονη Επιχείρηση στο Ξεκίνημα του 21ου Αιώνα
260 _bΣύγχρονη Εκδοτική,
_c2000
300 _a328
520 _aΟ επιχειρηματίας χρησιμοποιεί τη δύναμη του μυαλού του και όχι μεγάλες ποσότητες χρημάτων ή πόρων, για να δημιουργήσει μια νέα επιχείρηση ή να επεκτείνει μια υπάρχουσα. Δημιουργώντας μια Επιτυχημένη Επιχείορηση στη Νέα Χιλιετία, Διοικώντας προς το Μέλλον, Στρατηγική Καινοτομίας Προϊόντος, Η Κοινωνία των Πληροφοριών: Νέες Εργασιακές Σχέσεις - Είστε Έτοιμοι για τον 21ο Αιώνα;, Η Ανάλυση Οικονομικών Στοιχείων με τη Μέθοδο ABC και η Λήψη Διοικητικών Αποφάσεων με τη Μέθοδο ABM, Από την Οργάνωση στην Αναδιοργάνωση, ''Σερφάροντας'' σε μία Παγκοσμοιοποιημένη Οικονομία, Το Ηλεκτρονικό Εμπόριο, Βιβλιογραφία.
700 1 _aΚυριαζόπουλος Π. Γ
_92543
942 _cBK
999 _c1948
_d1948